| 000 | 00954cam a2200157 4500500 | ||
|---|---|---|---|
| 005 | 20260329022124.0 | ||
| 041 | _afre | ||
| 042 | _adc | ||
| 100 | 1 | 0 |
_aGruson, Pascale _eauthor |
| 245 | 0 | 0 | _aEmmanuelle Loyer - Lévi-Strauss - Flammarion, 2015, Prix Femina Essai, 2015, 910 pages, 32 €. Claude Lévi-Strauss - « Chers tous deux » - Lettres à ses parents 1931-1942. Seuil, 2015, 570 pages. 25 €. |
| 260 | _c2016. | ||
| 500 | _a43 | ||
| 520 | _aAlors que les croisements entre fiction et non-fiction sont à la mode, les chroniques latino-américaines sont curieusement encore mal connues en France. Elles donnent pourtant lieu à une production très riche dans laquelle de grands auteurs s’impliquent. Il n’est pas trop tard pour en découvrir la richesse. | ||
| 786 | 0 | _nÉtudes | Février | 2 | 2016-01-26 | p. XIX-XIX | 0014-1941 | |
| 856 | 4 | 1 | _uhttps://shs.cairn.info/revue-etudes-2016-2-page-XIX?lang=fr&redirect-ssocas=7080 |
| 999 |
_c1917750 _d1917750 |
||